| 000 | 01735nam0a2200349 4500 | ||
|---|---|---|---|
| 001 | RU\NLR\BIBL_A\021983311 | ||
| 005 | 20230913161538.0 | ||
| 010 |
_a978-5-7782-4933-2 _920 |
||
| 021 |
_aRU _bКН-П-23-037789 _9КН-П-23-3749 |
||
| 035 | _a(NLR Aleph) 021983311 | ||
| 035 | _a(RuMoRGB)011843561 | ||
| 090 |
_a12405408 _c12405408 |
||
| 100 | _a20230719d2023 u y0rusy50 ca | ||
| 101 | 0 | _arus | |
| 102 | _aRU | ||
| 105 | _aa|||j|||000zy | ||
| 181 | 0 |
_ai _baxxe |
|
| 182 | 0 | _an | |
| 200 | 1 |
_aМетоды качественного анализа динамических систем _eучебное пособие _fЕ. И. Алгазин _gМинистерство науки и высшего образования Российской Федерации, Новосибирский государственный технический университет, [Факультет радиотехники и электроники] |
|
| 203 |
_aТекст _bвизуальный _cнепосредственный |
||
| 210 |
_aНовосибирск _cИзд-во НГТУ _d2023 |
||
| 215 |
_a67, [3] с. _cил. _d21 |
||
| 313 | _aБифуркационный анализ динамических систем | ||
| 320 | _aБиблиогр. в конце кн. | ||
| 606 | 1 |
_aДинамические системы _jУчебные издания для высших учебных заведений _xБуфуркации _9985036 _3RU\NLR\AUTH\66371343 |
|
| 675 |
_a621.398(075.8) _v4 |
||
| 686 | 1 | _aВ161.618я73-1 | |
| 700 | 1 |
_aАлгазин _bЕ. И. _gЕвгений Игоревич |
|
| 942 | _cBOOK | ||
| 980 | _aNB | ||